MDQL
is popping MORE tags! Check the
thread
!
Quizzes
Events
Quiz Creation
Community
Videos
Private Events
Remove Ads
Sign In
Join for FREE
Feedback
Dark Mode
Quiz Categories
Sports
Geography
Music
Movies
Television
Just For Fun
Miscellaneous
History
Literature
Language
Science
Gaming
Entertainment
Religion
Holiday
For Kids
Quiz Lab
Recent
Popular Today
Quiz Kudos Today
Editor Picks
Curator Picks
Quizzes by...
Day
Popularity
Type
Ratings
Length
Year
Community
Subscriptions
Recent Discussions
Orange Saloon
Badges
Playlists
Quests
Create
Leaderboards
Showdown
Live 5
Trivia Bingo
Activity
Puzzle Library
Sporcle Events
Private Events
Virtual Trivia
Globe League
Become a Host
Pub Owners
SporcleCon
Opinionation
Our Games
Videos
Blog
Mobile Apps
Partnerships
Remove Ads and Go Orange
Feedback
Sports
Athletes
MLB
NBA
NHL
NFL
Soccer
Sports Teams
WWE
NCAA
Football
Premier League
Basketball
Baseball
Hockey
Golf
Tennis
Cricket
Rugby
Auto Racing
Olympics
World Cup
Sports
Athletes
MLB
NBA
NHL
NFL
Soccer
Sports Teams
WWE
NCAA
Football
Premier League
Basketball
Baseball
Hockey
Golf
Tennis
Cricket
Rugby
Auto Racing
Olympics
World Cup
Random Quiz
Search Sporcle
×
Quiz Lab
Quiz Lab
Sports
WWE
Type in answers that appear in a list
Type in answers that appear in a list
Classic
Best Score? Go Orange.
WWE.com's Top 25 Matches of 2016 Stats
Can you name WWE.com's top 25 matches of 2016?
By
freddie3000
8m
74 Questions
593 Plays
593 Plays
593 Plays
Comments
Comments
Give Quiz Kudos
Give Quiz Kudos
-
- Ratings
hide this ad
More Info
Replay
Link that replays current quiz
Next Quiz
Link to next quiz in quiz playlist
You Got
0%
They Got
Avg Score
91%
Avg Friend Score
Upgrade to see
Score Distribution
Jump to the score distribution portion of the page
Score
0/74
Timer
08:00
0
Plays Today
% Correct
Charlotte Flair
97.6%
Charlotte Flair
97.6%
Charlotte Flair
97.6%
Kevin Owens
97.5%
Kevin Owens
97.5%
Kevin Owens
97.5%
Kevin Owens
97.5%
Kevin Owens
97.5%
Sasha Banks
97%
Sasha Banks
97%
Sasha Banks
97%
Seth Rollins
96.8%
Seth Rollins
96.8%
Seth Rollins
96.8%
Seth Rollins
96.8%
Roman Reigns
96.6%
Roman Reigns
96.6%
Roman Reigns
96.6%
Dean Ambrose
96.5%
Dean Ambrose
96.5%
Dean Ambrose
96.5%
Dean Ambrose
96.5%
AJ Styles
95.9%
AJ Styles
95.9%
AJ Styles
95.9%
AJ Styles
95.9%
AJ Styles
95.9%
AJ Styles
95.9%
John Cena
95.6%
John Cena
95.6%
The Miz
95.3%
The Miz
95.3%
Sami Zayn
95.1%
Sami Zayn
95.1%
Sami Zayn
95.1%
Sami Zayn
95.1%
Dolph Ziggler
94.8%
% Correct
Dolph Ziggler
94.8%
Chris Jericho
93.9%
Chris Jericho
93.9%
Chris Jericho
93.9%
Chris Jericho
93.9%
Finn Bálor
92.7%
Bray Wyatt
92.7%
Randy Orton
92.7%
Becky Lynch
92.6%
Kofi Kingston
92.1%
Kofi Kingston
92.1%
Shinsuke Nakamura
91.7%
Big E
91.7%
Big E
91.7%
Cesaro
90.5%
Bayley
90.5%
Cesaro
90.5%
Braun Strowman
89.5%
Shane McMahon
87%
Asuka
86.5%
Johnny Gargano
83.4%
Johnny Gargano
83.4%
Triple H
82.8%
Triple H
82.8%
Scott Dawson
82.3%
Scott Dawson
82.3%
Dash Wilder
81.9%
Dash Wilder
81.9%
Tommaso Ciampa
81.8%
Tommaso Ciampa
81.8%
Luke Gallows
79.9%
Karl Anderson
79.9%
Chad Gable
76.4%
Jason Jordan
75%
Cedric Alexander
73.8%
Alberto Del Rio
70.8%
Kota Ibushi
63.7%
Quiz Playlist
Details
Report
Send in Message
Add To Playlist
More Info:
Tag Team names not included, please name the individual wrestlers.
Classic:
Type in answers that appear in a list
Quiz Source
Last Updated: Jun 22, 2017
Quiz Scoreboard
CHALLENGE
Sign Up to Join the Scoreboard
Show All
Scores
Hide
Comments
May contain spoilers
Recently Published
1-10 Letter E Words III
by El_Dandy
Language
2m
Street Fighter Characters
by Artimus82
Gaming
60s
College Basketball Coaching Resumes
by pancakes188
Sports
9m
More to Explore
Quiz From the Vault
Featured Blog Post
Where Did the Easter Bunny Come From?
hide this ad
You Might Also Like...
Tags
WWE Quiz
2016
Championship Matches
PPV Matches
Tag Match
Title Matches
Top 25
Wrestling
Wrestling Match
Today's Top Quizzes in Sports
Browse Sports
hide this ad
Today's Top Quizzes in WWE
Browse WWE
Top Contributed Quizzes in Sports
1
2022 World Cup Stars
2
Les meilleurs buteurs des matchs entre le PSG et l’OM
3
FIFA Club World Cup Champions
4
Les entraîneurs de l'OM et du PSG au 21e siècle
5
Criteria MLB: Left Handed Sluggers
6
2023 MLB Unique Player Accomplishments
7
AFC Teams Reveal (Wrong Answers Minefield)
8
Players with Multiple 50 Home Run Seasons
9
5-to-1: FBS Animal Nicknames
10
5-to-1: UK Sports Teams
Explore More
Trending Topics
Anime
Crossword
Marvel
NBA
Harry Potter
Kpop
Disney
Pokémon
Country
Soccer
NFL
Puzzle
WWE
Song
The Office
hide this ad
More By:
freddie3000
Quiz
Plays
Rating
Category
Featured
Created
WWE Champions (Redux)
314,396
4.15
Sports
Mar 30, 2012
Game of Thrones 'Simpsonized'
164,248
4.69
Television
Jul 9, 2013
Breaking Bad 'Simpsonized'
79,876
4.70
Television
Aug 11, 2013
Doctor Who 'Simpsonized'
74,597
4.53
Television
Jul 21, 2013
Most Combined WrestleMania Match Times
70,483
4.58
Sports
Oct 2, 2011
Go to Creator's Profile
Score Distribution
Quiz Creator Spotlight
freddie3000
Follow
Send a Message
Quizzes Created
-
Created Quiz Play Count
-
More By This Creator
Popular Quizzes Today
1
Find the US States - No Outlines Minefield
2
Find the Countries of Europe - No Outlines Minefield
3
The Countries of the World
4
Find the US States
5
Risky Map Clicking: Biggest States A-Z
6
US States
7
Popular People in 1961
8
Movies - When Are They Set?
More Sports Quizzes
Pro Wrestling Crossword #1
Quiz Lab
Trending Quizzes
Risky Map Clicking: Least Populous States A-Z
USA Borders Longest to Shortest
1-10 Letter G Words
1-10 Letter F Words
Countries of the World: 200 Million BC
Recently Updated
Beyoncé Albums
pecheneg
Leaping Animals
pecheneg
Reality TV Shows (A-Z)
bhenderson79
Rickey Henderson's Hall of Fame Teammates
pecheneg
Champions League XIs: Arsenal
pecheneg
Quick Pick: Celebrities in WWE's Hall of Fame
aduchscher
A-Z Keypad Blitz II
pecheneg
Multiple Oscar Actors
pecheneg
Mystery Phrase Blitz: Oscar 'Best Actors'
pecheneg
F. Scott Fitzgerald Novels
LTH
Trending Topics
Kpop
Disney
Crossword
Anime
Marvel
Harry Potter
NBA
Pokémon
WWE
NFL
Puzzle
Country
Soccer
The Office
Song
Your Account Isn't Verified!
In order to create a playlist on Sporcle, you need to verify the email address you used during registration. Go to your
Sporcle Settings
to finish the process.
Report this User
Report this user for behavior that violates our
Community Guidelines
.
Details:
Send Report
Go to the Sporcle.com Mobile Site →
Comments